[Event "23rd European Women Club Cup 2018"]
[Site "Halkidiki"]
[Date "2018.10.16"]
[Round "5"]
[White "Andolfatto, Maria"]
[Black "Mihevc-Mohr, Narcisa"]
[Result "1-0"]
[WhiteElo "2068"]
[BlackElo "1983"]
[Annotator "NA RC"]
[PlyCount "119"]
[EventDate "2018.10.12"]
[EventType "team-tourn"]
[EventCountry "GRE"]
[SourceTitle "playchess.com"]
[Source "ChessBase"]
[SourceQuality "1"]
[WhiteTeam "Banca Alpi Marittime"]
[BlackTeam "Maribor"]
[TimeControl "40/5400+30:1800+30"]

1. Nf3 {[%emt 0:00:00]} Nf6 {[%emt 0:00:00]} 2. c4 {[%emt 0:00:00]} g6 {[%emt 0:00:18]} 3. g3 {[%emt 0:00:01]} Bg7 {[%emt 0:00:06]} 4. Bg2 {[%emt 0:00:07]} O-O {[%emt 0:00:17]} 5. Nc3 {[%emt 0:00:12]} d6 {[%emt 0:00:41]} 6. d4 {[%emt 0:00:21]} c6 {[%emt 0:04:06]} 7. O-O {[%emt 0:00:28]} Nbd7 {[%emt 0:02:07]} 8. e4 {[%emt 0:00:47]} e5 {[%emt 0:07:38]} 9. h3 {[%emt 0:01:22]} a6 {[%emt 0:02:04]} 10. a4 {[%emt 0:02:12]} exd4 {[%emt 0:19:05]} 11. Nxd4 {[%emt 0:00:38]} a5 {[%emt 0:00:44]} 12. Re1 {[%emt 0:02:21]} Nc5 {[%emt 0:10:37] E69: King's Indian: Fianchetto: 6...Nbd7 7 0-0 e5 8 e4 c6 9 h3} 13. Bf4 {[%emt 0:08:39]} Nh5 $146 {[%emt 0:10:25]} ({Predecessor:} 13... Re8 14. Nb3 Nh5 15. Be3 Bxc3 16. bxc3 Nxe4 17. g4 Ng7 18. Bd4 Nf6 19. Qf3 Rxe1+ 20. Rxe1 {½-½ (57) Zubkov,V (2144)-Maslov,I (2202) Kolomna 2014}) 14. Be3 {[%emt 0:06:41]} Be6 {[%emt 0:09:02]} 15. b3 {[%emt 0:11:16]} Qd7 {[%emt 0:15:24]} 16. Kh2 {[%emt 0:01:49]} Rad8 {[%emt 0:05:48]} 17. f4 {[%emt 0:12:39]} f5 {[%emt 0:01:45]} 18. Nxe6 {[%emt 0:11:48]} Qxe6 {[%emt 0:01:07]} 19. exf5 {[%emt 0:05:18]} Qxf5 {[%emt 0:01:06]} 20. Rc1 {[%emt 0:01:03]} Qd3 {[%emt 0:02:35]} 21. Ne4 {[%emt 0:03:28]} Qxd1 {[%emt 0:00:34]} 22. Rcxd1 {[%emt 0:00:46]} Nxe4 {[%emt 0:01:52]} 23. Bxe4 {[%emt 0:00:07]} Bc3 {[%emt 0:00:56]} 24. Re2 {[%emt 0:03:30]} Rfe8 {[%emt 0:00:35]} 25. Bb6 {[%emt 0:03:37]} Rd7 {[%emt 0:00:29]} 26. Rd3 {[%emt 0:03:10]} Rde7 {[%emt 0:00:34]} 27. Rxc3 {[%emt 0:00:59]} Rxe4 28. Rxe4 {[%emt 0:00:05]} Rxe4 {[%emt 0:00:28]} 29. Bxa5 {[%emt 0:00:31]} Nf6 {[%emt 0:00:54]} 30. Rd3 {[%emt 0:05:03]} d5 {[%emt 0:00:50]} 31. cxd5 {[%emt 0:02:04]} Nxd5 {[%emt 0:00:04]} 32. Kg2 {[%emt 0:00:52]} Kf7 {[%emt 0:00:18]} 33. Kf3 {[%emt 0:00:37]} Re8 {[%emt 0:00:53]} 34. Bd2 {[%emt 0:01:39]} Re7 {[%emt 0:00:37]} 35. Be3 {[%emt 0:03:44]} Ke6 {[%emt 0:00:32]} 36. Bd2 {[%emt 0:02:17]} Kf7 {[%emt 0:00:21]} 37. b4 {[%emt 0:01:29]} Nb6 {[%emt 0:00:52]} 38. a5 {[%emt 0:02:02]} Nc4 {[%emt 0:00:43]} 39. Be3 {[%emt 0:01:51]} Nxe3 {[%emt 0:00:46]} 40. Rxe3 {[%emt 0:00:00]} Rd7 {[%emt 0:00:00]} 41. Ke4 {[%emt 0:10:16]} Rd5 {[%emt 0:06:12]} 42. Rc3 {[%emt 0:02:16]} Rb5 {[%emt 0:01:47]} 43. Rc4 {[%emt 0:00:32]} Ke6 {[%emt 0:02:52]} 44. g4 {[%emt 0:01:35]} Kf6 {[%emt 0:09:46]} 45. Kd3 {[%emt 0:04:24]} c5 {[%emt 0:07:33]} 46. bxc5 {[%emt 0:00:45]} Rxa5 {[%emt 0:00:12]} 47. Kd4 {[%emt 0:03:30]} h5 $2 {[%emt 0:01:20]} (47... Rb5 $16 {is more resistant.} 48. c6 bxc6) 48. Rb4 {[%emt 0:02:19]} hxg4 {[%emt 0:02:26]} 49. hxg4 {[%emt 0:00:11]} Ra7 {[%emt 0:01:30]} 50. Kd5 $18 {[%emt 0:00:57]} Ke7 {[%emt 0:00:36]} 51. Rb6 {[%emt 0:01:08]} Kf7 {[%emt 0:00:49]} 52. Kd6 {[%emt 0:00:59]} g5 {[%emt 0:00:43]} 53. fxg5 {[%emt 0:00:53]} Kg6 {[%emt 0:00:18]} 54. Kc7+ {[%emt 0:00:39]} Kxg5 {[%emt 0:00:08]} 55. Rxb7 {[%emt 0:00:50]} Ra1 {[%emt 0:01:03]} 56. c6 {[%emt 0:00:28]} Rc1 {[%emt 0:00:47]} 57. Kd7 {[%emt 0:00:34]} Rd1+ {[%emt 0:00:14]} 58. Kc8 {[%emt 0:00:29]} Kxg4 {[%emt 0:01:55]} 59. c7 {[%emt 0:01:46]} Kf5 {[%emt 0:00:54]} 60. Kb8 {[%emt 0:00:20]} 1-0

[Event "23rd European Women Club Cup 2018"]
[Site "Halkidiki"]
[Date "2018.10.16"]
[Round "5"]
[White "Kumanska, Olena"]
[Black "Lagogianni, Niki Vasiliki"]
[Result "1-0"]
[WhiteElo "2054"]
[BlackElo "1152"]
[Annotator "NA RC"]
[PlyCount "65"]
[EventDate "2018.10.12"]
[EventType "team-tourn"]
[EventCountry "GRE"]
[SourceTitle "playchess.com"]
[Source "ChessBase"]
[SourceQuality "1"]
[WhiteTeam "Beer Sheva"]
[BlackTeam "Thessaloniki"]
[TimeControl "40/5400+30:1800+30"]

1. c4 {[%emt 0:00:00]} e5 {[%emt 0:00:50]} 2. Nc3 {[%emt 0:00:00]} Nc6 {[%emt 0:00:11]} 3. g3 {[%emt 0:00:00]} Nf6 {[%emt 0:06:18]} 4. Bg2 {[%emt 0:00:37]} Bc5 {[%emt 0:02:13]} 5. e3 {[%emt 0:00:09]} d6 {[%emt 0:01:50]} 6. Nge2 {[%emt 0:00:10]} O-O {[%emt 0:00:52]} 7. O-O {[%emt 0:00:02]} a6 {[%emt 0:07:55]} 8. h3 {[%emt 0:02:03]} Bb6 {[%emt 0:05:20]} 9. d3 {[%emt 0:00:15]} Be6 {[%emt 0:01:39]} 10. Nd5 {[%emt 0:00:19]} Ba7 {[%emt 0:00:57]} 11. Kh2 {[%emt 0:00:14]} Nb8 {[%emt 0:02:11]} 12. Nxf6+ {[%emt 0:00:52]} Qxf6 {[%emt 0:00:17]} 13. Bxb7 {[%emt 0:00:29]} Nd7 {[%emt 0:00:36]} 14. Bxa8 {[%emt 0:01:43]} Rxa8 {[%emt 0:00:21]} 15. Ng1 {[%emt 0:00:08]} Nc5 {[%emt 0:01:13]} 16. b4 {[%emt 0:00:45]} Nb7 {[%emt 0:01:49]} 17. Qf3 {[%emt 0:00:13]} Qxf3 {[%emt 0:00:34]} 18. Nxf3 {[%emt 0:00:01]} a5 19. a3 {[%emt 0:00:23]} c5 {[%emt 0:02:00]} 20. Bd2 {[%emt 0:00:31]} Bb6 {[%emt 0:00:51]} 21. Rfb1 {[%emt 0:00:16]} axb4 {[%emt 0:01:34]} 22. axb4 {[%emt 0:00:05]} Rb8 {[%emt 0:01:26]} 23. bxc5 {[%emt 0:00:13]} Bxc5 {[%emt 0:00:36]} 24. Rxb7 {[%emt 0:00:16]} Re8 25. d4 {[%emt 0:00:01]} exd4 {[%emt 0:02:37]} 26. exd4 {[%emt 0:00:02]} Bxd4 {[%emt 0:00:41]} 27. Nxd4 {[%emt 0:00:22]} Bxc4 {[%emt 0:00:12]} 28. Re1 {[%emt 0:00:12]} Be6 {[%emt 0:00:07]} 29. Nxe6 {[%emt 0:00:09]} fxe6 {[%emt 0:00:40]} 30. Bb4 d5 31. Re7 {[%emt 0:00:37]} Rxe7 {[%emt 0:01:15]} 32. Bxe7 {[%emt 0:00:01]} Kf7 {[%emt 0:00:10]} 33. Bc5 1-0

[Event "23rd European Women Club Cup 2018"]
[Site "Halkidiki"]
[Date "2018.10.16"]
[Round "5"]
[White "Santeramo, Alessia"]
[Black "Vidic, Teja"]
[Result "0-1"]
[WhiteElo "2054"]
[BlackElo "2116"]
[Annotator "TA"]
[PlyCount "80"]
[EventDate "2018.10.12"]
[EventType "team-tourn"]
[EventCountry "GRE"]
[SourceTitle "playchess.com"]
[Source "ChessBase"]
[SourceQuality "1"]
[WhiteTeam "Banca Alpi Marittime"]
[BlackTeam "Maribor"]

{[%evp 16,80,12,14,14,13,14,13,57,29,111,101,144,160,191,187,277,284,285,291,289,247,254,245,244,211,245,192,237,224,241,232,231,248,239,195,168,76,90,-9,-5,-44,-35,-33,-6,-21,-13,-82,-82,-154,-166,-445,-438,-416,-440,-420,-417,-548,-543,-506,-449,-801,-768,-760,-760,-760,-748]} 1. e4 e5 2. Nf3 Nc6 3. Bb5 a6 4. Ba4 Nf6 5. d3 d6 6. c3 g6 7. h3 Bg7 {C77: Ruy Lopez: 3...a6 4 Ba4 Nf6, unusual lines} 8. Be3 O-O 9. Nbd2 {LiveBook: 7 Games} b5 {The position is equal.} (9... Bd7 10. O-O Re8 11. Re1 h6 12. Nf1 d5 13. Ng3 b5 14. Bc2 Rb8 15. Qd2 {½-½ (41) Jakovenko,D (2748)-Tomashevsky,E (2702) Satka 2018}) 10. Bc2 d5 $146 ({Predecessor:} 10... Bb7 11. O-O Re8 12. a4 h6 13. Re1 Qd7 14. Nf1 d5 15. Ng3 {½-½ (37) Sidhant,M (2382)-Pruijssers,R (2536) Chennai 2018}) 11. Nb3 h6 12. O-O Nh5 (12... a5 $11 {remains equal.}) 13. d4 $16 exd4 14. cxd4 Nb4 {[#]} 15. e5 $1 f5 (15... Nxc2 $142 16. Qxc2 g5) 16. Bb1 $18 Kh7 17. Bd2 Nc6 18. Qc2 Qe8 19. Rc1 Nd8 20. Qxc7 Ne6 21. Qd6 Rf7 22. Nc5 ({Not} 22. Qxd5 Bb7 $11) 22... Nhf4 23. Nxe6 Nxe6 24. Qc6 ({Worse is} 24. Qxd5 Bb7 $15) 24... Bd7 25. Qxd5 Rd8 26. Be3 (26. a4 $18 {has better winning chances.}) 26... Bc8 $16 27. Qb3 (27. Qc6 $16 {Hoping for d5.} Rfd7 28. d5 Rxd5 29. Qxe8 Rxe8 30. a4) 27... Bb7 $11 28. Rd1 Rfd7 29. a4 Bxf3 30. gxf3 f4 31. Ba2 (31. Kh1 $11 {keeps the balance.} bxa4 32. Qxa4 fxe3 33. fxe3) 31... Ng5 $17 32. Bd2 (32. Bc1 $142 bxa4 33. Qxa4 Nxf3+ 34. Kf1 Nxd4 35. e6 Nxe6 36. Re1) 32... Rxd4 33. h4 $2 (33. Bc3 Nxf3+ 34. Kf1) 33... Rd3 $19 ({Less strong is} 33... Rxd2 34. Rxd2 Nh3+ 35. Kg2 $17) 34. hxg5 {Black must now prevent Bc3.} Rxb3 35. Bxb3 Qxe5 36. gxh6 Qg5+ {Black is clearly winning.} 37. Kf1 Qxh6 38. Bc2 {[#]} (38. Ke2 $142 Re8+ 39. Kd3) 38... Rxd2 $1 {[%mdl 512]} 39. Rxd2 Qh1+ 40. Ke2 Qxa1 {Precision: White = 35%, Black = 64%.} 0-1

[Event "23rd European Women Club Cup 2018"]
[Site "Halkidiki"]
[Date "2018.10.16"]
[Round "5"]
[White "Petraki, Evaggelia"]
[Black "Klinova, Masha"]
[Result "0-1"]
[WhiteElo "1769"]
[BlackElo "2288"]
[Annotator "TA"]
[PlyCount "130"]
[EventDate "2018.10.12"]
[EventType "team-tourn"]
[EventCountry "GRE"]
[SourceTitle "playchess.com"]
[Source "ChessBase"]
[SourceQuality "1"]
[WhiteTeam "Thessaloniki"]
[BlackTeam "Beer Sheva"]

{[%evp 16,129,24,31,41,49,69,8,54,14,64,-6,21,-32,-9,-7,-4,-12,21,17,22,0,0,-20,-18,-40,-16,-46,-27,-179,-149,-162,-20,-97,21,-89,19,-98,0,-166,-51,-222,-44,-52,-39,-34,0,-111,-11,-218,-220,-164,-49,-33,-27,-25,-20,-57,-52,-57,-37,-47,-8,-81,-73,-206,-222,-226,0,0,0,0,0,-161,-155,-155,-147,-189,-174,-160,-85,-86,-81,-421,-416,-384,-361,-552,-544,-1340,-1159,-1608,-1586,-2781,-2568,-2831,-2516,-5281,-1477,-1464,-1463,-1319,-1313,-1374,-1327,-29983,-5506,-5485,-2871,-29985,-5506,-29994,-29994,-29997,-29998,-29999]} 1. c4 e5 2. g3 Nc6 3. Bg2 g6 4. Nc3 Bg7 5. d3 d6 6. Rb1 f5 7. e3 Nf6 8. Nge2 {[%cal Bg1e2,Be2c3,Bc3e4][%mdl 32]} O-O 9. b4 Kh8 {A25: English Opening vs King's Indian with ...Nc6 but without early d3} (9... Ne7 10. b5 Kh8 11. O-O Qe8 12. f4 Qf7 13. Qa4 Nd7 14. Qa5 Nb6 15. fxe5 Bxe5 16. Na4 d5 17. c5 Nxa4 18. Qxa4 {0-1 (53) Lagarde,M (2594)-Steinberg,N (2486) Caleta 2017}) 10. O-O g5 11. Nd5 (11. b5 $14 Ne7 12. f4) 11... Ne7 $146 {The position is equal.} ({Predecessor:} 11... f4 12. exf4 gxf4 13. gxf4 Nxd5 14. cxd5 exf4 15. Bxf4 Ne5 16. d4 Ng6 17. Bg3 Nh4 {Gonzalez,J (2320)-Velez Betancourt,N (2320) Cienfuegos 1991}) 12. Nec3 Ng6 13. Qc2 (13. Nxf6 $14 Qxf6 14. b5) 13... f4 14. exf4 (14. Nxf6 $1 $11 Qxf6 15. Ne4) 14... gxf4 15. Nxf6 (15. gxf4 Nxd5 16. Bxd5 c6 $17) 15... Qxf6 16. Ne4 Qe7 17. Qe2 Be6 18. Nc3 Rab8 19. Bd2 Qf7 {And now ...f3 would win.} 20. Qf3 Qd7 21. Qe4 Bf5 22. Qf3 $2 (22. Qe2 $11 {and White is okay.}) 22... Bg4 $19 23. Qe4 Rf7 (23... f3 $19 24. Bh1 Ne7) 24. b5 (24. f3 $11 Be6 25. b5) 24... Bh6 (24... f3 $17 25. Bh1 Bh5) 25. Rb2 (25. f3 $1 $11 Bh3 26. Bxh3 Qxh3 27. g4) 25... Bf5 (25... Rg8 $17 26. Qxb7 f3 27. Bxh6 fxg2) 26. Qf3 (26. Qe2 $1 $11) 26... Rbf8 (26... Bg7 $17 27. Qe2 e4 28. Bxe4 Bxe4 29. Qxe4 fxg3 30. hxg3 Re8) 27. Bc1 $2 (27. Qe2 $1 $11) 27... Bg7 (27... Nh4 $1 $19 {[%cal Rh4f3]} 28. gxh4 Rg8 29. Qxb7 Rxg2+ 30. Qxg2 Rg7) 28. Rb3 $2 {[#]} (28. Qd1 $15) 28... Bh3 $2 (28... e4 $1 $19 {[%cal Re4f3][%mdl 512]} 29. dxe4 (29. Nxe4 $2 Bg4 $19) 29... Bg4) 29. Bxh3 $15 Qxh3 30. Qg2 Qf5 {Hoping for ...f3.} 31. Qf3 (31. Qxb7 $11 {remains equal.} f3 32. Kh1) 31... Qc8 (31... fxg3 $17 32. Qxf5 gxh2+ 33. Kxh2 Rxf5) 32. Qg2 $2 (32. Qh5 $11) 32... f3 $19 33. Qh1 {[#]} Qh3 (33... Nf4 $1 $19 {[%cal Rf4h3][%mdl 512]} 34. Bxf4 (34. gxf4 Qg4+) 34... exf4) 34. Ne4 $15 {aiming for Ng5.} Rf5 35. Ng5 Qh5 $1 36. Ne6 Rg8 $1 37. Nxg7 (37. Nxc7 $2 Nf4 $1 $19 {[%mdl 512]}) 37... Rxg7 38. Re1 $1 Nh4 39. Re4 (39. Ra3 $1 $11 {keeps the balance.}) 39... Ng2 40. Kf1 (40. Rb1 $17) 40... Qh3 $1 $19 41. Kg1 Rg4 $2 $40 {[%mdl 128] Black has some attack.} ({Better is} 41... h5 $1 $19 42. Bd2 h4) 42. Rxg4 $1 $11 Qxg4 43. h3 $1 {[%cal Rh3g4]} Qg6 44. Kh2 $2 (44. Bd2 $11) 44... Rh5 $1 $19 {[%cal Rh5h3] ( -> ...Rxh3+!)} 45. Kg1 e4 $1 46. g4 Rc5 47. Ba3 Re5 ({Black should try} 47... exd3 48. Bxc5 d2) 48. Bb2 $17 {Black must now prevent Qh2.} exd3 {Strongly threatening ...d2.} 49. Bxe5+ $4 {[%mdl 8192]} (49. Kh2 $17 Qe4 50. Qd1) 49... dxe5 {[%cal Bd6e5,Be5e4][%mdl 4128] Endgame KQR-KQN} 50. Kh2 Qd6 51. Qf1 (51. c5 $142 Qd4 52. Qf1) 51... e4+ $19 52. Kg1 Nf4 53. c5 Qd4 54. Rb1 Ne2+ 55. Kh1 d2 56. Kh2 Nc3 (56... e3 $142 57. h4 Qxg4) 57. Ra1 d1=Q 58. Rxd1 Nxd1 59. Kg3 Nc3 {...Ne2+ is the strong threat.} 60. c6 b6 (60... Ne2+ $142 61. Kh2 bxc6 62. h4 cxb5 63. a4 e3 64. Kh3 exf2 65. axb5 h5 $1 {[%mdl 512]} 66. gxh5 Qd7+ 67. Kh2 Qd6+ 68. Kh1 Ng3+ 69. Kh2 Nxf1+ 70. Kh3 Qg3#) 61. h4 Ne2+ 62. Kh2 Kg7 (62... e3 $142 63. a4 Qxg4 64. Qa1+ Nd4 65. Qf1 e2 66. Qh3 Qf4+ 67. Qg3 {[#]} e1=Q $1 {[%mdl 512]} 68. h5 Qf1 $1 {[%mdl 512]} 69. Qxf4 Qg2#) 63. Kh1 Qf6 {Black mates.} 64. Qh3 Qa1+ 65. Kh2 Qg1# {Precision: White = 22%, Black = 39%.} 0-1

[Event "23rd European Women Club Cup 2018"]
[Site "Halkidiki"]
[Date "2018.10.16"]
[Round "5"]
[White "Tsivelekidou, Anthoula Elpida"]
[Black "Buzukashvili, Sofia"]
[Result "0-1"]
[WhiteElo "1147"]
[BlackElo "1936"]
[Annotator "NA RC"]
[PlyCount "132"]
[EventDate "2018.10.12"]
[EventType "team-tourn"]
[EventCountry "GRE"]
[SourceTitle "playchess.com"]
[Source "ChessBase"]
[SourceQuality "1"]
[WhiteTeam "Thessaloniki"]
[BlackTeam "Beer Sheva"]
[TimeControl "40/5400+30:1800+30"]

1. d4 {[%emt 0:00:00]} Nf6 {[%emt 0:00:00]} 2. c4 {[%emt 0:00:00]} e6 {[%emt 0:00:14]} 3. Nf3 {[%emt 0:00:00]} b6 {[%emt 0:00:21]} 4. Bg5 {[%emt 0:00:00]} Bb7 {[%emt 0:00:26]} 5. e3 {[%emt 0:00:20]} Be7 {[%emt 0:00:41]} 6. Bd3 {[%emt 0:00:31]} d6 {[%emt 0:01:29]} 7. Nc3 {[%emt 0:02:15]} Nbd7 {[%emt 0:00:52]} 8. e4 {[%emt 0:01:39]} e5 {[%emt 0:06:31]} 9. d5 {[%emt 0:05:55]} a5 {[%emt 0:08:44]} 10. O-O {[%emt 0:19:30]} Nc5 {[%emt 0:04:41]} 11. a3 {[%emt 0:04:10]} h6 {[%emt 0:11:43]} 12. Be3 {[%emt 0:01:02]} Nxd3 {[%emt 0:11:57]} 13. Qxd3 {[%emt 0:00:07]} Nd7 {[%emt 0:01:45]} 14. b4 {[%emt 0:00:50]} O-O {[%emt 0:02:19]} 15. Rfc1 {[%emt 0:04:10]} Kh7 {[%emt 0:05:39]} 16. Na4 {[%emt 0:15:11]} axb4 {[%emt 0:12:30]} 17. axb4 {[%emt 0:00:14]} Ba6 {[%emt 0:00:59]} 18. b5 {[%emt 0:04:18]} Bb7 {[%emt 0:01:26]} 19. Nd2 {[%emt 0:05:46]} Bg5 {[%emt 0:02:21]} 20. Nf1 {[%emt 0:01:56]} g6 {[%emt 0:01:37]} 21. Bxg5 {[%emt 0:02:13]} Qxg5 {[%emt 0:00:07]} 22. Qg3 {[%emt 0:00:33]} Qe7 {[%emt 0:02:59]} 23. Ne3 {[%emt 0:02:07]} f5 {[%emt 0:01:35]} 24. exf5 {[%emt 0:03:18]} gxf5 {[%emt 0:00:08]} 25. Qh3 {[%emt 0:00:40]} Qg5 {[%emt 0:02:03]} 26. Qg3 {[%emt 0:03:44]} Qf6 {[%emt 0:01:33]} 27. Qh3 {[%emt 0:00:21]} Rf7 {[%emt 0:01:24]} 28. Nf1 {[%emt 0:01:31]} Qg5 {[%emt 0:01:10]} 29. Qg3 {[%emt 0:00:40]} Qf6 {[%emt 0:00:11]} 30. Qh3 {[%emt 0:00:05]} Nf8 {[%emt 0:05:44]} 31. Nc3 {[%emt 0:02:49]} Rb8 {[%emt 0:00:18]} 32. Ne2 {[%emt 0:00:30]} f4 {[%emt 0:01:13]} 33. Qd3+ {[%emt 0:00:39]} Kh8 {[%emt 0:00:32]} 34. f3 {[%emt 0:00:37]} Rg7 {[%emt 0:01:44]} 35. Qd2 {[%emt 0:00:28]} Bc8 {[%emt 0:00:56]} 36. g3 {[%emt 0:02:25]} Ng6 {[%emt 0:02:20]} 37. Ra3 {[%emt 0:01:04]} Bh3 {[%emt 0:01:02]} 38. Kh1 {[%emt 0:00:54]} Rbg8 {[%emt 0:01:25]} 39. Rca1 {[%emt 0:01:07]} Kh7 {[%emt 0:02:43]} 40. Rc1 {[%emt 0:00:00]} Qg5 {[%emt 0:00:00]} 41. Qc2 {[%emt 0:02:20]} Kh8 {[%emt 0:02:14]} 42. Rca1 {[%emt 0:00:17]} Nh4 {[%emt 0:08:07]} 43. Nd2 {[%emt 0:02:38]} Ng2 {[%emt 0:08:32]} 44. Ra8 {[%emt 0:02:45]} Ne3 {[%emt 0:02:56]} 45. Rxg8+ {[%emt 0:00:37]} Rxg8 {[%emt 0:00:05]} 46. Qc1 {[%emt 0:00:42]} Bg2+ {[%emt 0:03:43]} 47. Kg1 {[%emt 0:00:12]} Qh5 {[%emt 0:01:04]} 48. Ra3 {[%emt 0:12:14]} Qh3 {[%emt 0:01:17]} 49. Qe1 {[%emt 0:05:42]} Bxf3 {[%emt 0:01:15]} 50. Qf2 {[%emt 0:00:20]} Bh5 {[%emt 0:06:14]} 51. Nf1 {[%emt 0:01:24]} Nxf1 {[%emt 0:01:52]} 52. Qxf1 {[%emt 0:00:03]} Qg4 {[%emt 0:00:27]} 53. Nc1 {[%emt 0:01:16]} f3 {[%emt 0:00:59]} 54. Ra2 {[%emt 0:01:38]} Qd4+ {[%emt 0:00:31]} 55. Kh1 {[%emt 0:00:36]} e4 {[%emt 0:00:35]} 56. Nb3 {[%emt 0:01:08]} Qe3 {[%emt 0:01:49]} 57. Nc1 {[%emt 0:00:22]} Kh7 {[%emt 0:00:13]} 58. Qg1 {[%emt 0:02:45]} Qc3 {[%emt 0:00:58]} 59. Qf1 {[%emt 0:00:14]} Rf8 {[%emt 0:00:02]} 60. Rf2 {[%emt 0:01:43]} e3 {[%emt 0:00:30]} 61. Ra2 {[%emt 0:00:38]} f2 {[%emt 0:00:32]} 62. h3 {[%emt 0:02:05]} Bf3+ {[%emt 0:00:04]} 63. Kh2 {[%emt 0:00:06]} Be4 {[%emt 0:00:06]} 64. Ne2 {[%emt 0:00:58]} Qe1 {[%emt 0:00:38]} 65. Ra1 {[%emt 0:00:09]} Qxf1 {[%emt 0:00:08]} 66. Rxf1 Bd3 {[%emt 0:00:07]} 0-1

[Event "23rd European Women Club Cup 2018"]
[Site "Halkidiki"]
[Date "2018.10.17"]
[Round "6"]
[White "Muzychuk, Anna"]
[Black "Ushenina, Anna"]
[Result "1/2-1/2"]
[WhiteElo "2555"]
[BlackElo "2451"]
[Annotator "ChessBase"]
[PlyCount "69"]
[EventDate "2018.10.12"]
[EventType "team-tourn"]
[EventCountry "GRE"]
[SourceTitle "playchess.com"]
[Source "ChessBase"]
[SourceQuality "1"]
[WhiteTeam "Monte-Carlo"]
[BlackTeam "Ugra"]
[TimeControl "40/5400+30:1800+30"]

1. e4 {[%emt 0:00:00]} c5 {[%emt 0:00:00]} 2. Nf3 {[%emt 0:00:00]} d6 {[%emt 0:00:04]} 3. Bb5+ {[%emt 0:00:00]} Bd7 {[%emt 0:00:13]} 4. Bxd7+ {[%emt 0:00:00]} Qxd7 {[%emt 0:00:04]} 5. c4 {[%emt 0:00:00]} Nf6 {[%emt 0:00:09]} 6. Nc3 {[%emt 0:00:03]} g6 {[%emt 0:00:21]} 7. d4 {[%emt 0:00:06]} cxd4 {[%emt 0:00:04]} 8. Nxd4 {[%emt 0:00:05]} Bg7 {[%emt 0:00:06]} 9. f3 {[%emt 0:00:07]} Qc7 {[%emt 0:00:37]} 10. b3 {[%emt 0:00:12]} Qa5 {[%emt 0:00:38]} 11. Bd2 {[%emt 0:00:21]} O-O {[%emt 0:01:19]} 12. Ncb5 {[%emt 0:05:10]} Qd8 {[%emt 0:17:02]} 13. Be3 {[%emt 0:00:30]} Qa5+ {[%emt 0:11:21]} 14. Qd2 {[%emt 0:06:16]} Qxd2+ {[%emt 0:00:06]} 15. Kxd2 {[%emt 0:00:05]} Rc8 {[%emt 0:05:51]} 16. Rac1 {[%emt 0:04:57]} Nc6 {[%emt 0:02:04]} 17. Ke2 {[%emt 0:02:19]} Nd7 {[%emt 0:02:27]} 18. Rhd1 {[%emt 0:01:16]} a6 {[%emt 0:00:39]} 19. Nxc6 {[%emt 0:00:17]} bxc6 {[%emt 0:04:48]} 20. Nc3 {[%emt 0:00:21]} Bxc3 {[%emt 0:04:42]} 21. Rxc3 {[%emt 0:03:56]} c5 {[%emt 0:00:01]} 22. f4 {[%emt 0:06:00]} f6 {[%emt 0:00:04]} 23. Bc1 {[%emt 0:13:29]} a5 {[%emt 0:09:52]} 24. Re3 {[%emt 0:01:21]} a4 {[%emt 0:05:59]} 25. Bb2 {[%emt 0:00:13]} axb3 {[%emt 0:01:01]} 26. axb3 {[%emt 0:00:02]} Ra2 {[%emt 0:01:58]} 27. Rd2 {[%emt 0:00:06]} Kf7 {[%emt 0:01:21]} 28. e5 {[%emt 0:10:17]} fxe5 {[%emt 0:03:25]} 29. fxe5 {[%emt 0:00:13]} Nxe5 {[%emt 0:00:09]} 30. Bxe5 {[%emt 0:00:07]} Rxd2+ {[%emt 0:00:02]} 31. Kxd2 {[%emt 0:00:07]} dxe5 {[%emt 0:00:02]} 32. Rxe5 {[%emt 0:00:08]} e6 {[%emt 0:00:23]} 33. Kc3 {[%emt 0:02:26]} Kf6 {[%emt 0:02:18]} 34. Re2 {[%emt 0:00:11]} Ra8 {[%emt 0:01:46]} 35. Rf2+ {[%emt 0:03:14]} 1/2-1/2